| 000 | 01584cam a22004574i 4500 | ||
|---|---|---|---|
| 003 | PE-LiUPU | ||
| 005 | 20250731173512.0 | ||
| 008 | 150616s1962 fr r 000 0 fre d | ||
| 035 | _a(Sirsi) a7709 | ||
| 040 |
_aPE-LiUPU _bspa _cPE-LiUPU _erda |
||
| 049 | _aPRUA | ||
| 082 | 0 | 4 |
_a227 _bC45 _221 |
| 100 | 1 |
_aCerfaux, L., _eautor. |
|
| 245 | 1 | 3 |
_aLe Chretien Dans la Theologie Paulinienne / _cL. Cerfaux. |
| 264 | 1 |
_aParis : _bLes Editions Du Cerf, _c1962. |
|
| 300 |
_a539 páginas ; _c22 centímetros. |
||
| 336 |
_atext _2rdacontent |
||
| 337 |
_aunmediated _2rdamedia |
||
| 338 |
_avolume _2rdacarrier |
||
| 490 | 0 |
_aLección Divino ; _v33 |
|
| 505 | 0 | _aL'Economie chretienne -- L'Esperance chretienne -- Le Statut present du chretien -- Le chretien en face du mystere de Dieu. | |
| 526 | _aSEG42 | ||
| 526 | _aSEG41 | ||
| 526 | _aSEG40 | ||
| 526 | _aSEG39 | ||
| 526 | _aP94 | ||
| 526 | _aP87 | ||
| 526 | _aP86 | ||
| 526 | _aP85 | ||
| 526 | _aP77 | ||
| 526 | _aP76 | ||
| 526 | _aP35 | ||
| 630 |
_aBiblia. _pN.T. _pEpístolas de Pablo _xCrítica, interpretación, etc. |
||
| 910 |
_ajck _bjvq _cjck |
||
| 942 |
_2ddc _cBOOK |
||
| 949 |
_a227 C45 _wDEWEY _c1 _i41320 _lCCODEBUL1 _mBUL _p00.00 _r0 _sY _tBOOK _u19960603 _xTEOLOGIA _zUNKNOWN _0COMPRA _o.STAFF. Colección General |
||
| 994 |
_aC0 _bPEPRU |
||
| 596 | _a1 | ||
| 999 |
_a227 C45 _wDEWEY _c58982 _i41320 _f2021-11-11 _g5 _lCCODEBUL1 _mBUL _p20.00 _r0 _sY _tBOOK _u2015-6-16 _xTEOLOGIA _PP35 _0COMPRA _o.STAFF. Colección Teología _d58982 |
||
| 980 |
_81 _gALBERTO SANCHEZ Responsable de Automatización |
||